| 000 -LEADER |
| fixed length control field |
01063nam a22003137a 4500 |
| 005 - DATE AND TIME OF LATEST TRANSACTION |
| control field |
20210414082255.0 |
| 008 - FIXED-LENGTH DATA ELEMENTS--GENERAL INFORMATION |
| fixed length control field |
201110s2018 ||||| |||| 00| 0 eng d |
| 020 ## - INTERNATIONAL STANDARD BOOK NUMBER |
| International Standard Book Number |
9781506236421 |
| 040 ## - CATALOGING SOURCE |
| Original cataloging agency |
eng |
| Transcribing agency |
DLC |
| 041 ## - LANGUAGE CODE |
| Language code of text/sound track or separate title |
eng |
| 080 ## - UNIVERSAL DECIMAL CLASSIFICATION NUMBER |
| Universal Decimal Classification number |
616.89 |
| Item number |
K-20 |
| 245 ## - TITLE STATEMENT |
| Title |
USMLE : Step 2 CK |
| Remainder of title |
: Lecture Notes 2019 Psychiatry, Epidemiology, Ethics, Patient Safety |
| Statement of responsibility, etc. |
/ by Kaplan Medical : Edited by Alina Gonzalez-Mayo, MD, Ted A. James, MD, MS, FACS |
| 260 ## - PUBLICATION, DISTRIBUTION, ETC. |
| Place of publication, distribution, etc. |
New York |
| Name of publisher, distributor, etc. |
Kaplan Medical |
| Date of publication, distribution, etc. |
2018 |
| 300 ## - PHYSICAL DESCRIPTION |
| Extent |
240 pages |
| 650 #0 - SUBJECT ADDED ENTRY--TOPICAL TERM |
| 9 (RLIN) |
69 |
| Topical term or geographic name entry element |
Medicine |
| 650 #0 - SUBJECT ADDED ENTRY--TOPICAL TERM |
| 9 (RLIN) |
131 |
| Topical term or geographic name entry element |
Psychiatry |
| 650 #0 - SUBJECT ADDED ENTRY--TOPICAL TERM |
| 9 (RLIN) |
57 |
| Topical term or geographic name entry element |
EPIDEMIOLOGY |
| 650 #0 - SUBJECT ADDED ENTRY--TOPICAL TERM |
| 9 (RLIN) |
132 |
| Topical term or geographic name entry element |
Ethics |
| 650 #0 - SUBJECT ADDED ENTRY--TOPICAL TERM |
| 9 (RLIN) |
133 |
| Topical term or geographic name entry element |
Patient Safety |
| 650 #0 - SUBJECT ADDED ENTRY--TOPICAL TERM |
| 9 (RLIN) |
80 |
| Topical term or geographic name entry element |
USMLE Step 2 CK |
| 653 ## - INDEX TERM--UNCONTROLLED |
| Uncontrolled term |
მედიცინა |
| 653 ## - INDEX TERM--UNCONTROLLED |
| Uncontrolled term |
ფსიქიატრია |
| 653 ## - INDEX TERM--UNCONTROLLED |
| Uncontrolled term |
ეპიდემიოლოგია |
| 653 ## - INDEX TERM--UNCONTROLLED |
| Uncontrolled term |
ეთიკა |
| 653 ## - INDEX TERM--UNCONTROLLED |
| Uncontrolled term |
პაციენტის უსაფრთხოება |
| 700 ## - ADDED ENTRY--PERSONAL NAME |
| 9 (RLIN) |
11 |
| Personal name |
Gonzalez-Mayo, Alina, MD |
| 710 ## - ADDED ENTRY--CORPORATE NAME |
| 9 (RLIN) |
12 |
| Corporate name or jurisdiction name as entry element |
James, A. Ted, MD, MS, FACS |
| 942 ## - ADDED ENTRY ELEMENTS (KOHA) |
| Source of classification or shelving scheme |
|
| Koha item type |
Books |